000 00764nam a2200229Ia 4500
003 GCL
008 140319s9999 xx 000 0 ara d
020 _a5915270977
040 _aGCL /
_cGCL
082 0 4 _aط
_b590
_bد ل
100 1 _aزكريا القاضى
245 1 0 _aلمن هذا العيون ؟ نظرة الى عيون الحيوانات : كبيرة 00مستديرة00 ضيقة /
_cزكريا القاضى
700 1 _aنورهان رشاد
700 1 _aهول، بيج
700 1 _aلاندمارك، كين
250 _aالاولى
260 _aالقاهرة :
_bالدار المصرية اللبنانية ،
_c2005
300 _a24 ص ؛
_c20 سم
650 0 4 _aالعين
650 0 4 _aالعين - انواع
942 _2ddc
_cBK
999 _c9861
_d9861